|
|
|
|
| LEADER |
00000nab a2200000ua 4500 |
| 001 |
vtls010788159 |
| 003 |
SK-MaSNL |
| 005 |
20260303124316.0 |
| 008 |
230214s1958 xo |||||||||||||||||slo| |
| 035 |
|
|
|a (urnnbn)urn:nbn:sk:snk:ar-a03aqv
|
| 035 |
|
|
|a (uuid)e5c4271e-09fb-4b0f-b7eb-be7a19983260
|
| 035 |
|
|
|a urn:nbn:sk:snk-ab56hl
|
| 040 |
|
|
|a SNKBUCL
|b slo
|c SNKBUCL
|e AACR2
|
| 041 |
0 |
|
|a slo
|
| 044 |
|
|
|a xo
|c SK
|
| 100 |
1 |
|
|a Formánek, G.
|4 aut
|9 1141253
|
| 245 |
1 |
0 |
|a ZVLÁŠTNY DRUH KONGENITÁLNEJ NESFÉROCYTÁRNEJ HEMOLYTICKEJ ANÉMIE
|c G. Formánek
|
| 773 |
0 |
|
|t Bratislavské lekárske listy
|g Roč. 38, č. 7 (1958), s. 416-421
|
| 954 |
|
|
|a odborná, vedecká literatúra pôvodná (slovenská)
|2 lita
|
| 958 |
|
|
|a OND
|
| 958 |
|
|
|a EUIPO
|
| 958 |
|
|
|a article3
|
| 999 |
|
|
|c 1929856
|d 1931786
|